000 00654nam a2200217 a 4500
005 20220916063529.0
008 090616s2005 ea r 000 0 spa d
020 _a0439769582
035 _aUPN01000171204
049 _aI
050 4 _aPZ7
_bP5.4
100 1 _aPhilbrick, Rodman
245 1 3 _aEl joven y el mar /
_cRodman Philbrick ; il. por Iñigo Javaloyes.
260 _aNew york :
_bScholastic,
_c2005.
300 _a193 p.
534 _pTítulo original:
_tThe young man and the sea
650 7 _aLiteratura infantil estadounidense
_2
_99173
650 0 _aPadres e hijos
_vNovela
_912603
650 4 _aPESCA -
_vNOVELA
_912604
905 _aLibro
999 _c143309
_d143309